A személyek szabad áramlásának néhány alapkérdése az Európai Unióban
Elmentve itt :
| Szerző: | |
|---|---|
| További közreműködők: | |
| Dokumentumtípus: | Szakdolgozat |
| Megjelent: |
2001
|
| Tárgyszavak: | |
| Online Access: | http://diploma.bibl.u-szeged.hu/26533 |
| LEADER | 00590nta a2200157 i 4500 | ||
|---|---|---|---|
| 001 | dipl26533 | ||
| 005 | 20130314084213.0 | ||
| 008 | 110929s2001 hu om 0|| zxx d | ||
| 040 | |a SZTE Diploma Repozitórium |b hun | ||
| 041 | |a zxx | ||
| 100 | 1 | |a Végh Gabriella | |
| 245 | 1 | 2 | |a A személyek szabad áramlásának néhány alapkérdése az Európai Unióban |h [elektronikus dokumentum] / |c Gabriella Végh |
| 260 | |c 2001 | ||
| 650 | 4 | |a Jogi és igazgatási tanulmányok | |
| 700 | 1 | |a Hajdú József |e ths | |
| 856 | 4 | 0 | |u http://diploma.bibl.u-szeged.hu/id/eprint/26533/1/2001_vegh_gabriella.pdf |z Dokumentum-elérés |